Central Library OPAC University of Rajshahi

Personnel/human resource management : (Record no. 61329)

MARC details
000 -LEADER
fixed length control field 00800nam a2200253 a 4500
001 - CONTROL NUMBER
control field 61329
003 - CONTROL NUMBER IDENTIFIER
rucl marc code BD-RjUL
005 - DATE AND TIME OF LATEST TRANSACTION
control field 20211209080940.0
008 - FIXED-LENGTH DATA ELEMENTS--GENERAL INFORMATION
fixed length control field 170117s1985 txua b 001 0 eng d
020 ## - INTERNATIONAL STANDARD BOOK NUMBER
International Standard Book Number 025603267X
035 ## - SYSTEM CONTROL NUMBER
System control number (BD-RjUL)61453
040 ## - CATALOGING SOURCE
Original cataloging agency BD-RjUL
Transcribing agency BD-RjUL
Modifying agency BD-RjUL
Language of cataloging eng
041 ## - LANGUAGE CODE
Language code of text/sound track or separate title eng
082 00 - DEWEY DECIMAL CLASSIFICATION NUMBER
Classification number 658.3
Edition number 23
Author mark and year MIP 1985
100 1# - MAIN ENTRY--PERSONAL NAME
Personal name Milkovich, George T.
9 (RLIN) 182896
245 10 - TITLE STATEMENT
Title Personnel/human resource management :
Remainder of title a diagnostic approach /
Statement of responsibility, etc. George T. Milkovich, William F. Glueck.
250 ## - EDITION STATEMENT
Edition statement 4th ed.
260 ## - PUBLICATION, DISTRIBUTION, ETC. (IMPRINT)
Place of publication, distribution, etc. Plano, Tex. :
Name of publisher, distributor, etc. Business Publications,
Date of publication, distribution, etc. 1985.
300 ## - PHYSICAL DESCRIPTION
Pagination xviii, 772 p. :
Illustrations ill. ;
Size 25 cm.
504 ## - BIBLIOGRAPHY, ETC. NOTE
Bibliography, etc Includes bibliographies and indexes.
650 #0 - SUBJECT ADDED ENTRY--TOPICAL TERM
Topical term or geographic name as entry element Personnel management.
9 (RLIN) 170518
700 1# - ADDED ENTRY--PERSONAL NAME
Personal name Glueck, William F.
942 ## - ADDED ENTRY ELEMENTS (KOHA)
Source of classification or shelving scheme Dewey Decimal Classification
Koha item type Books
Holdings
Lost status Source of classification or shelving scheme Damaged status Not for loan Collection code Permanent Location Current Location Shelving location Date acquired Source of acquisition Total Checkouts Full call number Date last seen Copy number Koha item type
  Dewey Decimal Classification   Not For Loan Non-fiction Central Library, University of Rajshahi Central Library, University of Rajshahi Reading Room 08/03/1989 Asia foundation   658.3 MIP 1985 17/01/2017 C-1 Books